Marketing: (Registro nro. 9151)

Detalles MARC
000 -LEADER
fixed length control field 01981nam a2200217Ia 4500
005 - FECHA Y HORA DE LA ÚLTIMA TRANSACCIÓN
control field 20230906103040.0
008 - FIXED-LENGTH DATA ELEMENTS--GENERAL INFORMATION
fixed length control field 230903s9999 xx 000 0 und d
020 ## - INTERNATIONAL STANDARD BOOK NUMBER
International Standard Book Number 970-102-908-9
040 ## - CATALOGING SOURCE
Original cataloging agency UPAN
Transcribing agency Biblioteca San Vicente
Description conventions RCAA2
041 ## - LANGUAGE CODE
Language code of text/sound track or separate title spa
082 ## - DEWEY DECIMAL CLASSIFICATION NUMBER
Classification number 658.8
Item number M333m
año de publicación 2001
100 ## - MAIN ENTRY--PERSONAL NAME
Personal name McCarthy, E Jerome
Relator code aut.
245 #0 - TITLE STATEMENT
Title Marketing:
Remainder of title un enfoque global/
Statement of responsibility, etc E. Jerome McCarthy, William D. Perreault
250 ## - EDITION STATEMENT
Edition statement 13° ed.
260 ## - PUBLICATION, DISTRIBUTION, ETC. (IMPRINT)
Place of publication, distribution, etc México:
Name of publisher, distributor, etc McGraw Hill,
Date of publication, distribution, etc 2001
300 ## - PHYSICAL DESCRIPTION
Extent 829 p.;
Dimensions 28 cm.
505 ## - FORMATTED CONTENTS NOTE
Formatted contents note 1. La función de marketing en la economía global<br/>2. La función del marketing en las empresas lucrativas y en las organizaciones no lucrativas<br/>3. Como centrar la estrategia de marketing en la segmentación y el posicionamiento<br/>4. Evaluación de oportunidades en el ambiente cambiante del marketing<br/>5. Dimensiones demográficas de los mercados globales de consumo<br/>6. Dimensiones conductuales del mercado de consumidores<br/>7. Clientes institucionales y empresariales y su comportamiento de compra<br/>8. Como mejorar las condiciones con la información de marketing<br/>9. Elementos de la planeación de productos para bienes y servicios<br/>10. La administración de productos y el desarrollo de productos nuevos<br/>11. Plaza y desarrollo de los sistemas de distribución<br/>12. Servicio de distribución al cliente y logística<br/>13. Detallistas, mayoristas y su planeación estratégica<br/>14. Promoción: introducción a loa comunicación integrada de marketing<br/>15. Venta personal<br/>16. Publicidad y promoción de ventas<br/>17. Objetivos y políticas de ventas<br/>18. Establecimiento de precios en el mundo de los negocios<br/>19. Implantación y control de los<br/>20. Administración del nexo de marketing con otras atrás funcionales<br/>21.Desarrollo de planes innovadores de marketing <br/>22. Ética de marketing en un mundo orientado al consumidor: evaluación y retos
650 ## - SUBJECT ADDED ENTRY--TOPICAL TERM
Source of heading or term LEMB
General subdivision Mercadeo
700 ## - ADDED ENTRY--PERSONAL NAME
Personal name Perreault, William D.
Relator code aut.
942 ## - ADDED ENTRY ELEMENTS (KOHA)
Koha item type Libros
Source of classification or shelving scheme Dewey Decimal Classification
Existencias
Withdrawn status Lost status Source of classification or shelving scheme Damaged status Not for loan Collection code Home library Current library Date acquired Total Checkouts Full call number Barcode Date last seen Copy number Price effective from Koha item type
    Dewey Decimal Classification     Colección General Biblioteca UPAN San Vicente Biblioteca UPAN San Vicente 03/09/2023   658.8 M333m 12001811 03/09/2023 01 03/09/2023 Libros
    Dewey Decimal Classification     Colección General Biblioteca UPAN San Vicente Biblioteca UPAN San Vicente 06/09/2023   658.8 M333m 12001810 06/09/2023 02 06/09/2023 Libros